000 01570nam a2200493 i 4500
001 6923
003 KOSZ 005
005 20210730101214.0
008 970510s1994 pl a f f |000 0 pol
015 _aPB 1995/2401
020 _a837066590X
035 _a991000021119705066
035 _a(PL-WaBN)b10021267-48omnis_nlop
035 _ab10021267
035 _a(OCoLC)749901736
035 _a(PL)b0000001002126
035 _a(EXLNZ-48OMNIS_NETWORK)9910419139705606
040 _aWA N
_cWA N
_dKOSZ 005/EC
041 _apol
046 _k1972
080 _a371.3
080 _a(075.8)
100 1 _aKupisiewicz, Czesław
_d(1924-2015)
_eAutor
245 1 0 _aPodstawy dydaktyki ogólnej /
_cCzesław Kupisiewicz.
250 _a[Wyd. 10].
260 _aWarszawa :
_b"BGW",
_c1994
_e(Wroc. :
_fPras.ZG).
300 _a288 s. :
_brys., 1 wykr. ;
_c24 cm.
336 _2rdacontent
_aTekst
_btxt
337 _2rdamedia
_aBez urządzenia pośredniczącego
_bn
338 _2rdacarrier
_aWolumin
_bnc
380 _aKsiążki
380 _aPublikacje dydaktyczne
385 _aSzkoły wyższe
_mPoziom nauczania
388 1 _a1901-2000
388 1 _a1989-2000
504 _aBibliogr. przy rozdz.
655 7 _aPodręczniki akademickie
_2DBN
658 _aEdukacja i pedagogika
650 7 _aTeoria nauczania
_2DBN
710 2 _aPolska Oficyna Wydawnicza "BGW"
_4pbl
856 _uhttp://koha.tu.koszalin.pl/cgi-bin/koha/opac-detail.pl?biblionumber=6923
_yKatalog online BPK
942 _2UKD
_cKS
999 _c6923
_d6923